Love and Ponystep - Vylet Pony - Statistics

General Stats
  • This quiz has been taken 4 times
  • The average score is 14 of 21
Answer Stats
Song % Correct
Ch 1: SVU-AS (Heartbreak Intro)
100%
Ch 2: XPR-50 (It's All About the Game)
100%
Ch 3: Ballista (Dear Aria, I Love Myself)
100%
Ch 4: DSR-50 (O/Laniakea, Quell Not the Love Which Overflows from Me)
100%
Jester
100%
Love and Ponystep
100%
My Love is a Quickscope
100%
Walking Beside a Dragonfly
100%
Webpunk
100%
Worst rave EVER
100%
Angel with a Longshot (Courier Overture)
50%
Dual Headed Hydranoid
50%
Falling in Love with a Corporate Illustration
50%
Ghostie Dub (Here to Light this Up) - Bonus Track/Outro
50%
LiveLaughLove2
50%
Peace, Love, Glalie (And, in 2009 Someone Stole My Ancient Mew Card)
50%
The Slow Dance
50%
Wonka X Howl
50%
A Digital Flower Field
0%
Comet Catcher and the Reek Fish
0%
Lightning Bolt
0%
No matching quizzes found
Score Distribution
Percent of People with Each Score
Percentile by Number Answered
Your Score History
You have not taken this quiz